| 000 | 00604nam a2200181Ia 4500 | ||
|---|---|---|---|
| 008 | 090123s9999 xx 000 0 und d | ||
| 082 | _b15902 | ||
| 100 | _aशर्मा वेदप्रकाश | ||
| 245 | _aदौलत पर टपका खून | ||
| 250 | _a0 | ||
| 260 | _bराज पॉकेट बुक्स | ||
| 300 | _a192 | ||
| 600 | _aशर्मा वेदप्रकाश | ||
| 630 | _aदौलत पर टपका खून | ||
| 700 | _aशर्मा वेदप्रकाश | ||
| 730 | _aदौलत पर टपका खून | ||
| 942 | _cBOOK | ||
| 999 |
_c53963 _d53963 |
||